00758nam a2200217Ii 45000010005000000030009000050080041000140400033000550410008000880820018000961000031001142450032001452640059001773000012002363360026002483370028002743380027003029400050003299990017003799520144003966865CO-ViMGA241108s9999||||xx |||||||||||||| ||und|| aCO-ViMGAbspaerdacCO-ViMGA0 aunk04aC864.42-V293p1 aHector Fabio Varela94767810aPalabras y visiones Ensayos 1a[Lugar de publicación no identificado] : Kelly, 1991 avolumen atextbtxt2rdacontent aunmediatedbn2rdamedia avolumebnc2rdacarrier aidficha_siabuc: 6708. -- ficha_no_siabuc:6865 c52260d52260 001040708001aMEVIGERRbMEVIGERRcGENd2006-11-27hVol.1oC864.42-V293ppECA6499r2024-11-26 10:09:01tEj.1w2024-11-26yBKz6708 | 9429